| 000 | 00000nam 2200000zi 4500 |
| 001 | 9.918068 |
| 003 | CaOODSP |
| 005 | 20250403110639 |
| 006 | m o d f |
| 007 | cr mn||||||||| |
| 008 | 221207e201804 onca o f000 0 fre d |
| 040 | |aCaOODSP|bfre|erda|cCaOODSP |
| 043 | |an-cn--- |
| 045 | |ay1y1 |
| 086 | 1 |aCS85-005/2018-5F-PDF |
| 245 | 00|aAperçu du système de justice pénale pour adultes. |
| 264 | 1|a[Ottawa] : |bStatistique Canada = Statistics Canada, |cavril 2018. |
| 300 | |a1 ressource en ligne (1 page) : |billustrations en couleur. |
| 336 | |atexte|btxt|2rdacontent/fre |
| 337 | |ainformatique|bc|2rdamedia/fre |
| 338 | |aressource en ligne|bcr|2rdacarrier/fre |
| 490 | 1 |aBulletin juristat - en bref, |x1925-3419 |
| 500 | |aPublié aussi en anglais sous le titre : Overview of the adult criminal justice system. |
| 500 | |a« Produit en collaboration avec la ministère de la justice Canada et Statistique Canada. » |
| 500 | |a« Numéro de catalogue : Bulletin Juristat — En bref (85-005-X). » |
| 520 | |a« Cette affiche donne un aperçu visuel du système de justice pénale au Canada en 2017 et comprend les étapes clés du processus de l'intervention policière à la détermination de la peine » -- Fourni par l'éditeur. |
| 650 | 6|aJustice peĢnale|xAdministration|zCanada. |
| 710 | 2 |aStatistique Canada, |eorganisme de publication. |
| 775 | 08|tOverview of the adult criminal justice system.|w(CaOODSP)9.918067 |
| 830 | #0|aBulletin juristat - en bref.|w(CaOODSP)9.948255 |
| 856 | 40|qPDF|s1.20 Mo|uhttps://publications.gc.ca/collections/collection_2022/statcan/85-005-x/CS85-005-2018-5-fra.pdf |
| 856 | 4 |qHTML|sS.O.|uhttps://www150.statcan.gc.ca/n1/pub/85-005-x/2018001/article/54967-fra.htm |
| 986 | |a85-005-X |